Loading...
| Current Events | 2 | 5.00 | 50% | 0% | 0% |
| Fine Arts - Classical Music | 5 | 4.00 | 40% | 0% | 0% |
| Fine Arts - Painting and Sculpture | 1 | 10.00 | 100% | 0% | 0% |
| History - American History | 3 | 10.00 | 100% | 0% | 0% |
| History - European History | 2 | 5.00 | 50% | 0% | 0% |
| History - Other History | 3 | 10.00 | 100% | 0% | 0% |
| History - World History | 1 | 10.00 | 100% | 0% | 0% |
| Literature - American Literature | 2 | 5.00 | 0% | 50% | 0% |
| Literature - British Literature | 4 | 10.00 | 100% | 0% | 0% |
| Literature - European Literature | 3 | 0.00 | 0% | 0% | 0% |
| Literature - World Literature | 3 | 3.33 | 33% | 0% | 0% |
| Mythology | 4 | 7.50 | 75% | 0% | 0% |
| Philosophy | 1 | 10.00 | 100% | 0% | 0% |
| Religion | 3 | 10.00 | 100% | 0% | 0% |
| Science - Biology | 3 | 6.67 | 67% | 0% | 0% |
| Science - Chemistry | 4 | 5.00 | 50% | 0% | 0% |
| Science - Other Science | 3 | 13.33 | 100% | 33% | 0% |
| Science - Physics | 1 | 0.00 | 0% | 0% | 0% |
| Social Science | 3 | 6.67 | 67% | 0% | 0% |